Intermediate Microeconomics (Record no. 51053)

MARC details
000 -LEADER
fixed length control field 00796nam a22002177a 4500
005 - DATE AND TIME OF LATEST TRANSACTION
control field 20110315112557.0
010 ## - LCCN (DPL NO)
LC control number B-422632
020 ## - INTERNATIONAL STANDARD BOOK NUMBER
International Standard Book Number 9788176710657
Terms of availability 350.00
035 ## - SYSTEM CONTROL NUMBER
System control number B-422632
037 ## - SOURCE OF ACQUISITION
Stock number UBH
Source of stock number/acquisition RP/CL/UBH/ 263/31.1.2011
082 ## - DEWEY DECIMAL CLASSIFICATION NUMBER
Classification number 339.5
100 ## - MAIN ENTRY--PERSONAL NAME
Personal name Varian, Hal R.
245 ## - TITLE STATEMENT
Title Intermediate Microeconomics
Statement of responsibility, etc Hal R.Varian
250 ## - EDITION STATEMENT
Edition statement 8th ed.
260 ## - PUBLICATION, DISTRIBUTION, ETC. (IMPRINT)
Place of publication, distribution, etc New Delhi
Name of publisher, distributor, etc Affiliated East West Press
Date of publication, distribution, etc 2010
270 ## - ADDRESS
Address 105 Nirmal Tower 26 Barakhamba Road
City New Delhi
Postal code 110001
300 ## - PHYSICAL DESCRIPTION
Extent xviii,739p
Dimensions 22 cm. (Pbk)
942 ## - ADDED ENTRY ELEMENTS (KOHA)
Source of classification or shelving scheme Dewey Decimal Classification
Item type English Books
Classification part 338.5
Call number suffix VAR
Holdings
Withdrawn status Lost status Not for loan Home library Current library Date acquired Source of acquisition Cost, normal purchase price Full call number Barcode Copy number Cost, replacement price Koha item type
      Central Library Central Library 15/03/2011 RP/CL 350.00 338.5 VAR B-422632 1 350.00 English Books

© Delhi Public Library
Hit Counter
free hit counter